| 000 | 03894nam0a2200445 4500 | ||
|---|---|---|---|
| 001 | RU\NLR\BIBL_A\012718519 | ||
| 005 | 20220418113603.0 | ||
| 010 |
_a978-5-7477-5313-6 _9300 |
||
| 021 |
_aRU _bКН-П-21-076586 _9КН-П-21-6103 |
||
| 035 | _a(NLR Aleph) 012718519 | ||
| 035 | _a(RuMoRGB)010867209 | ||
| 090 |
_a12933251 _c12933251 |
||
| 100 | _a20220301d2021 k y0rusy50 ca | ||
| 101 | 0 |
_abak _arus |
|
| 102 | _aRU | ||
| 105 | _ay|||z|||100zy | ||
| 181 | 0 |
_ai3 _baxxe |
|
| 182 | 0 | _an | |
| 200 | 1 |
_aФормирование единой базы нематериального наследия башкирского народа _dБашҡорт халҡының матди булмаған мираҫының берҙәм базаhын формалаштырыу _eматериалы Международной заочной научно-практической конференции, посвященной Всемирной Фольклориаде-2021 (г. Уфа, 28 мая 2021 г.) _fМинистерство науки и высшего образования РФ, Башкирский государственный университет, Факультет башкирской филологии, востоковедения и журналистики _gредакционная коллегия: д-р филол. наук, профессор, член-корреспондент АН РБ Г.С. Кунафин (отв. редактор) [и др.] _zbak |
|
| 203 |
_aТекст _bвизуальный _cнепосредственный |
||
| 210 |
_aУфа _cРИЦ БашГУ _d2021 |
||
| 215 |
_a273 с. _cтабл. _d20 |
||
| 300 | _aТекст башк., рус. | ||
| 320 | _aБиблиогр. в конце ст. | ||
| 330 | _aВ сборник включены материалы, посвященные фольклору разных народов, актуальным вопросам литературоведения, языкознания, востоковедения и журналистики. Сборник адресован научным сотрудникам, преподавателям, молодым ученым, аспирантам, магистрантам, студентам вузов, ссузов и всем тем, кто интересуется проблемами филологических дисциплин | ||
| 510 | 1 |
_aБашҡорт халҡының матди булмаған мираҫының берҙәм базаhын формалаштырыу _zbak |
|
| 606 | 1 |
_aБашкирская филология _jСъезды, совещания и т.п _2nlr_sh1 _2nlr_sh2 _3RU\NLR\AUTH\66121096 |
|
| 606 | 1 |
_aБашкиры _xКультура _jСъезды, совещания и т.п _2nlr_sh1 _2nlr_sh2 _3RU\NLR\AUTH\661383098 |
|
| 686 | 1 | _aШ063.22я431 | |
| 686 | 1 | _aТ3(2Р-6Б)я431 | |
| 702 | 1 |
_aКунафин _bГ. С. _f1946- _gГиниятулла Сафиуллович _3RU\NLR\AUTH\773277 _4340 |
|
| 711 | 1 | 2 |
_a"Формирование единой базы нематериального наследия башкирского народа", международная заочная научно-практическая конференция _f2021 _eУфа _3RU\NLR\AUTH\880561014 |
| 712 | 0 | 2 |
_aБашкирский государственный университет _cУфа _bФакультет башкирской филологии, востоковедения и журналистики _3RU\NLR\AUTH\880515390 _4570 |
| 852 |
_aNLR _bОНЛ _jБашк./2-5247 |
||
| 942 | _cBOOK | ||
| 980 | _aNB | ||